Languages of Historical Figures Quiz Stats

 Plays Quiz Updated Nov 13, 2015

Challenge
Share
Tweet
Score 0/24 Timer 07:00
1 Play Today
% Correct
Italian
93.5%
Vietnamese
90.8%
English
90.2%
Greek
89.6%
Japanese
86.7%
Portuguese
86.5%
Cantonese
86.4%
Russian
85.5%
Spanish
84.9%
Arabic
84.8%
French
83.1%
Swedish
78.4%
% Correct
Georgian
76.8%
Lakota
75.3%
Gaelic
74.8%
Gujarati
74.6%
Shoshone
74.6%
German
71.8%
Danish
68.1%
Turkish
67%
Polish
66.9%
Welsh
66.3%
Xhosa
64.2%
Nahuatl
59.5%

You're not logged in!

Compare scores with friends on all Sporcle quizzes.
OR
Log In

You Might Also Like...

Show Comments

Extras

Top Quizzes Today


Score Distribution

Your Account Isn't Verified!

In order to create a playlist on Sporcle, you need to verify the email address you used during registration. Go to your Sporcle Settings to finish the process.

Report this User

Report this user for behavior that violates our Community Guidelines.

Details: